000 00665nam a22002297a 4500
003 UA-OsUOA
001 74526
007 ta
008 20110411b un ||||| |||| 00| 0 ukr d
090 _a347.96(477.82)(091)
_bН28
942 _cBK
040 _aUA-OsUOA
_bukr
_cUA-OsUOA
_dUA-OsUOA
245 _aНарис історії органів внутрішніх справ Волині
300 _a44 с.
955 _a2
041 _aukr
080 _a347.96(477.82)(091)
020 _a966-517-218-2
260 _aЛуцьк
_bНадстир'я
_c2000
650 7 _a347 Цивільне право. Судовий устрій
_2UDC
999 _c360819
_d360819